00436nam a2200109Ia 4500008004100000100002400041245010100065260006900166300001100235650001200246856006800258160712s9999 xx 000 0 und d aSicat-Cleto, Luna . cLuna Sicat-CletoaPagluluwal ng Buhay,Panulat,Pighati,Laban: Isang Panayam Kay Lualhati Bautista c2011bLikhaan: The Journal of Contemporary Philippine Literature avol. 5 xPANAYAM uhttp://journals.upd.edu.ph/index.php/lik/issue/view/295/showToc